| 000 | 00802nam a2200253 a 4500 | ||
|---|---|---|---|
| 001 | BRCA_8000 | ||
| 005 | 20190320210105.0 | ||
| 008 | 140314s1969----gw-a###f##---#001-0#ger-# | ||
| 041 | _ager | ||
| 044 | _agw | ||
| 050 | 4 |
_aNK2240 _b.M515 _c1969 |
|
| 100 | 1 |
_aMeister, Peter W. _919858 |
|
| 245 | 1 | 0 |
_aDas Schöne Möbel _bim lauf der jahrhunderte _cPeter W. Meister und Hermann Jedding. |
| 260 |
_aMünchen _bKeyser _c1969 |
||
| 300 |
_a392 p. _bil. (algunas a color) _c23 cm. |
||
| 500 | _a3111 | ||
| 504 | _aBibliografía p.386-389 | ||
| 650 | 1 | 4 |
_aMuebles antiguos _vCatálogos _919859 |
| 650 | 1 | 4 |
_aMuebles _vDecoración interiores _zEuropa _919860 |
| 650 | 1 | 4 |
_aMuebles _vColecciones y coleccionistas _zEuropa _919861 |
| 700 | 1 |
_aJedding, Hermann _ecoaut. _919862 |
|
| 902 | _aGFM | ||
| 942 |
_2lcc _cB |
||
| 999 |
_c7669 _d7669 |
||